Landen waar de Zee Bevriest - Statistieken

Algemene statistieken
  • Deze quiz is 2.159 keer genomen
  • De gemiddelde score is 13 van 16
Antwoordstatistieken
Land % Correct
Rusland
99%
Canada
98%
Finland
97%
Noorwegen
97%
Zweden
96%
Verenigde Staten
94%
Groenland (Denemarken)
93%
Japan
83%
Estland
78%
Letland
77%
Litouwen
77%
China
75%
Noord-Korea
69%
Duitsland
68%
Polen
68%
Oekraïne
32%
Geen overeenkomende quizzen gevonden
Scoreverdeling
Procent van Mensen met Elke Score
Percentiel versus Aantal Correcte Antwoorden
Uw Scoregeschiedenis
U heeft deze quiz nog niet genomen